| 000 | 00638nam a2200229Ia 4500 | ||
|---|---|---|---|
| 003 | OSt | ||
| 005 | 20220924113100.0 | ||
| 006 | a|||||r|||| 00| 0 | ||
| 007 | ta | ||
| 008 | 220923b |||||||| |||| 00| 0 eng d | ||
| 024 | _a56561 | ||
| 037 | _cDictionary | ||
| 040 |
_aARTS _cARTS _beng |
||
| 041 |
_2eng _aeng |
||
| 082 | _aP122:4k, 111K7 | ||
| 245 | 0 |
_aNew Cassell's French dictionary _b French English English French rev by Denis Girard |
|
| 260 |
_aN _byork Funk _c1967 |
||
| 300 |
_axvi, 762+655p. _ccm. |
||
| 650 | _aLINGUISTICS | ||
| 942 |
_hP122:4k, 111K7 _cdic _2cc |
||
| 999 |
_c389168 _d389168 |
||